书目信息 |
| 题名: |
超声检测新技术
|
|
| 作者: | 西拉德 主编 ;陈积懋 , 余南廷 译 | |
| 分册: | ||
| 出版信息: | 北京 科学出版社 1991.4 |
|
| 页数: | 629页 | |
| 开本: | 20cm | |
| 丛书名: | ||
| 单 册: | ||
| 中图分类: | TB551 | |
| 科图分类: | ||
| 主题词: | 超声工程 | |
| 电子资源: | ||
| ISBN: | ||
| 000 | 00613nam0 2200217 45 | |
| 001 | 0312221749 | |
| 005 | 20031222170908.2 | |
| 010 | @dCNY20.90 | |
| 100 | @a20031222d1991 km y0chiy0120 ea | |
| 101 | @achi | |
| 105 | @a z 000yy | |
| 200 | 1 | @a超声检测新技术@AChao Sheng Jian Ce Xin Ji Shu@f(英)西拉德主编@F(Ying)Xi La De Zhu Bian@g陈积懋,余南廷译 |
| 210 | @a北京@c科学出版社@d1991.4 | |
| 215 | @a629页@d20cm | |
| 606 | 0 | @a超声工程 |
| 690 | @aTB551@v3 | |
| 701 | 0 | @a西拉德@4主编 |
| 702 | 0 | @a陈积懋@4译 |
| 702 | 0 | @a余南廷@4译 |
| 801 | @aCN@bTSTCL@c20031222 | |
| 905 | @a213230@dTB551@e31@b224831-832@f2 | |
| 超声检测新技术/(英)西拉德主编/陈积懋,余南廷译.-北京:科学出版社,1991.4 |
| 629页;20cm |
| ISBN :CNY20.90 |
| ● |
| 相关链接 |
|
|
|
|
正题名:超声检测新技术
索取号:TB551/31
 
预约/预借
| 序号 | 登录号 | 条形码 | 馆藏地/架位号 | 状态 | 备注 |
| 1 | 0224831 | 001358701 | 第三借阅区/ [索取号:TB551/31] | 在馆 | |
| 2 | 0224832 | 001358667 | 第二样本阅览室/ [索取号:TB551/31] | 在馆 |